000 00376nam a2200157Ia 4500
008 230917s9999||||xx |||||||||||||| ||und||
040 _e206847
_aMAIN
041 _aEnglish
082 _a658.8 A41S
100 _aAaker David A
245 0 _aStrategic market management.
250 _a9th ed.
260 _aNew Delhi
_bWiley India
_c2011
300 _a341 p.
942 _cBK
999 _c174671
_d174671